| 000 | 01159nam a22003137a 4500 | ||
|---|---|---|---|
| 003 | CHAP | ||
| 005 | 20220329133641.0 | ||
| 008 | 971013s1983 r 00010 d | ||
| 010 | _a9029 | ||
| 011 | _a10001 | ||
| 035 | _a9238 | ||
| 040 | _cCHAP | ||
| 082 |
_a507.20184 _bV4Y |
||
| 100 | 0 | 0 |
_aVentsel, E. S. _9118737 |
| 245 |
_aInvestigación de operaciones _b: problemas, principios y metodología |
||
| 260 |
_aMoscú : _bMir, _c1983 |
||
| 300 | _a280 p. | ||
| 590 |
_aBATCH-UPD _b10 _c20130110 _lUCH01 _h2119 |
||
| 590 |
_aBATCH-UPD _b10 _c20130410 _lUCH01 _h1429 |
||
| 590 |
_aBATCH-UPD _b10 _c20130914 _lUCH01 _h1654 |
||
| 590 |
_aCONVERSION _b10 _c20130109 _lUCH01 _h1306 |
||
| 650 | 1 | 4 |
_aInvestigación _xModelos matemáticos. _960239 |
| 901 | _aBK | ||
| 942 | _cLIBRO | ||
| 949 |
_a507.20184 V4Y _bBC _cLIBRO _d33724000125233 _eLIBRO _gI.c/e _h77113 _i9238 _si _t10.40 |
||
| 949 |
_a507.20184 V4Y _bBC _cLIBRO _d33724000125753 _eLIBRO _fc.2 _gI.c/e _h77114 _i9238 _si _t10.40 |
||
| 949 |
_a507.20184 V4Y _bBC _cLIBRO _d33724000125886 _eLIBRO _fc.3 _gI.c/e _h77115 _i9238 _si _t10.40 |
||
| 949 |
_a507.20184 V4Y _bBC _cLIBRO _d33724000126009 _eLIBRO _fc.4 _gI.c/e _h77116 _i9238 _si _t10.40 |
||
| 999 |
_c9029 _d9029 |
||